Droit (Histoire Constitutionnelle) : Les constitutions françaises - Statistiques

Statistiques générales
  • Ce quiz a été pris 259 fois
  • Le résultat moyen est 11 sur 15
Statistiques - réponses
Réponse % Correct
Constitution de 1958, Ve République - 4 octobre 1958
95%
Constitution de 1946, IVe République - 27 octobre 1946
85%
Constitution de 1791 - 3 et 4 septembre 1791
78%
Constitution de l'An XII - Empire - 28 floréal An XII - 18 mai 1804
78%
Constitution de l'An I - Première République - 24 juin 1793
76%
Constitution de l'An III - Directoire - 5 fructidor An III - 22 août 1795
75%
Constitution de l'An VIII - Consulat - 22 frimaire An VIII - 13 décembre 1799
75%
Constitution de 1848, IIe République - 4 novembre 1848
71%
Lois constitutionnelles de 1875, IIIe République - 24, 25 février et 16 juillet 1875
69%
Charte de 1830, monarchie de Juillet - 14 août 1830
68%
Charte de 1814 - 1ère Restauration - 4 juin 1814
65%
Constitution de l'An X - Consulat à vie - 16 thermidor An X - 4 août 1802
65%
Constitution de 1852, Second Empire - 14 janvier 1852
63%
Acte additionnel aux Constitutions de l'Empire - Cent-jours - 22 avril 1815
61%
Loi constitutionnelle du 2 nov. 1945 - Gouvernement provisoire
45%
Aucun quiz correspondant
Distribution des résultats
% des personnes avec chaque résultat
Percentile par nombre de réponses
Votre historique - résultats
Vous n’avez pas pris ce quiz